| 000 -LEADER |
| fixed length control field |
00533nam a22001937a 4500 |
| 005 - DATE AND TIME OF LATEST TRANSACTION |
| control field |
20240801140706.0 |
| 008 - FIXED-LENGTH DATA ELEMENTS--GENERAL INFORMATION |
| fixed length control field |
240801s2022 fr ||||| |||| 00| 0 fra d |
| 020 ## - INTERNATIONAL STANDARD BOOK NUMBER |
| International Standard Book Number |
9782832110898 X |
| 041 ## - LANGUAGE CODE |
| Language code of text/sound track or separate title |
fra |
| 080 ## - UNIVERSAL DECIMAL CLASSIFICATION NUMBER |
| Universal Decimal Classification number |
821.133.32 D-46 |
| 100 ## - MAIN ENTRY--PERSONAL NAME |
| Personal name |
Desarzens, Fanny |
| Dates associated with a name |
Author |
| 9 (RLIN) |
23038 |
| 245 ## - TITLE STATEMENT |
| Title |
Galel / |
| Statement of responsibility, etc. |
Fanny Desarzens |
| 264 ## - PRODUCTION, PUBLICATION, DISTRIBUTION, MANUFACTURE, AND COPYRIGHT NOTICE |
| Place of production, publication, distribution, manufacture |
Genève : |
| Name of producer, publisher, distributor, manufacturer |
Éditions Slatkine, |
| Date of production, publication, distribution, manufacture, or copyright notice |
2022. |
| 300 ## - PHYSICAL DESCRIPTION |
| Extent |
136 pages ; |
| Other physical details |
21 cm. |
| 653 ## - INDEX TERM--UNCONTROLLED |
| keyword |
Galel |
| 653 ## - INDEX TERM--UNCONTROLLED |
| keyword |
გალელი |
| 653 ## - INDEX TERM--UNCONTROLLED |
| keyword |
ლიტერატურა |
| 942 ## - ADDED ENTRY ELEMENTS (KOHA) |
| Source of classification or shelving scheme |
|
| Koha item type |
წიგნი |